Personnages Dynasty Warriors 9 - Statistiques

Statistiques générales
  • Ce quiz a été pris 78 fois
  • Le résultat moyen est 42 sur 94
Statistiques - réponses
Royaumes Personnages % Correct
WEI Cao Cao
97%
SHU Liu Bei
93%
SHU Guan Yu
90%
AUTRES Lu Bu
90%
SHU Zhang Fei
90%
WEI Cao Pi
83%
WU Sun Ce
83%
WU Sun Jian
83%
WU Sun Quan
83%
SHU Zhuge Liang
79%
WEI Cao Ren
76%
JIN Sima Yi
76%
WEI Zhenji
72%
WEI Zhang Liao
69%
JIN Sima Zhao
66%
AUTRES Diao Chan
62%
SHU Ma Chao
62%
AUTRES Meng Huo
62%
WU Zhou Yu
62%
WU Da Qiao
59%
AUTRES Dong Zhuo
59%
WU Lu Xun
59%
WU Sun Shangxiang
59%
AUTRES Yuan Shao
59%
SHU Zhao Yun
59%
AUTRES Zhurong
59%
WEI Dian Wei
55%
WU Gan Ning
55%
SHU Guan Ping
55%
WU Huang Gai
52%
WU Lu Meng
52%
JIN Sima Shi
52%
WEI Xiahou Dun
52%
WU Xiao Qiao
52%
WEI Xu Zhu
52%
AUTRES Zhang Jiao
52%
WU Ling Tong
48%
SHU Pang Tong
48%
SHU Yue Ying
48%
WU Zhou Tai
48%
WU Zhu Ran
48%
SHU Guan Suo
45%
SHU Wei Yan
45%
WEI Xiahou Yuan
45%
AUTRES Zuo Ci
45%
SHU Guan Xing
41%
SHU Guan Yinping
41%
SHU Xing Cai
41%
WEI Xu Huang
41%
SHU Zhang Bao
41%
WEI Cai Wenji
38%
SHU Huang Zhong
38%
SHU Jiang Wei
38%
WEI Li Dian
38%
SHU Liu Shan
38%
WU Lu Su
38%
SHU Ma Dai
38%
WEI Pang De
38%
WU Taishi Ci
38%
DLC Dong Bai
34%
SHU Fa Zheng
34%
AUTRES Lu Lingqi
34%
SHU Xu Shu
34%
WEI Yu Jin
34%
WEI Zhang He
34%
WU Cheng Pu
31%
JIN Wang Yuanji
31%
JIN Xiahou Ba
31%
DLC Yuan Shu
31%
WEI Yue Jin
31%
JIN Zhuge Dan
31%
JIN Deng Ai
28%
WU Ding Feng
28%
WEI Wang Yi
28%
SHU Bao Sanniang
24%
WEI Cao Xiu
24%
AUTRES Chen Gong
24%
WU Han Dang
24%
WEI Jia Xu
24%
WU Lianshi
24%
WEI Xun You
24%
WEI Xun Yu
24%
WEI Guo Jia
21%
DLC Hua Xiong
21%
WEI Man Chong
21%
DLC Xiahouji
21%
JIN Zhong Hui
21%
JIN Guo Huai
17%
JIN Jia Chong
17%
WU Xu Sheng
17%
JIN Wen Yang
14%
SHU Zhou Cang
14%
JIN Xin Xianying
10%
JIN Wang Chunhua
3%
Aucun quiz correspondant
Distribution des résultats
% des personnes avec chaque résultat
Percentile par nombre de réponses
Votre historique - résultats
Vous n’avez pas pris ce quiz